Manuel de procédure civile: et voies d'exécution, conforme au programme officiel des facultés de droit
Gespeichert in:
| 1. Verfasser: | |
|---|---|
| Format: | Buch |
| Sprache: | Französisch |
| Veröffentlicht: |
París
Librairie Générale de Droit et de Jurisprudence
1970
|
| Ausgabe: | 10a. ed |
| Schriftenreihe: | Capacité
|
| Schlagworte: | |
| Tags: |
Tag hinzufügen
Keine Tags, Fügen Sie den ersten Tag hinzu!
|
MARC
| LEADER | 00000nam a2200000 a 4500 | ||
|---|---|---|---|
| 001 | UCS0950 | ||
| 003 | CL-VaPUC | ||
| 008 | 970506e19700000FR |||||||||||||||||fre|d | ||
| 082 | 0 | 4 | |a 347.44 |b JAU |2 21 |
| 100 | |a Jauffret, Alfred |e author |9 386970 | ||
| 245 | 1 | 0 | |a Manuel de procédure civile: et voies d'exécution, conforme au programme officiel des facultés de droit |
| 250 | |a 10a. ed | ||
| 300 | |a 264 p | ||
| 942 | |c BK | ||
| 945 | |d 19970506 00:00:00 |a cmena | ||
| 260 | |a París |b Librairie Générale de Droit et de Jurisprudence |c 1970 | ||
| 650 | 0 | |a Derecho procesal civil |9 258071 | |
| 650 | 0 | |a Derecho civil |9 255013 | |
| 650 | 0 | |a Tribunales de justicia |9 328494 | |
| 650 | 0 | |a Administración de justicia |9 382749 | |
| 650 | 0 | |a Recurso contencioso administrativo |9 255491 | |
| 650 | 0 | |a Recurso de casación |9 258890 | |
| 650 | 0 | |a Recurso de apelación |9 380716 | |
| 650 | 0 | |a Sanción jurídica |9 383332 | |
| 651 | 0 | |a Francia |9 255157 | |
| 583 | |a last modification |c 19970506 00:00:00 |k Rodrigo Vera | ||
| 490 | 0 | |a Capacité | |
| 999 | |c 259065 |d 259063 | ||
| 952 | |0 0 |1 0 |4 0 |6 347_440000000000000_JAU_1970 |7 0 |8 A |9 283598 |a BIBDER |b BIBDER |d 2019-11-19 |i 1837826 |o 347.44 JAU 1970 |p 1837826 |r 2023-01-25 |w 2019-11-19 |y BK |k DER | ||